000 00849nam a2200241 i 4500
001 bg
245 0 0 _aDynamika pneumatycznych układów napędowych /
_cpod red. nauk. Franciszka Siemieniako ; [aut. Zbigniew Kamiński et al.].
260 _aBiałystok :
_bWydawnictwo Politechniki Białostockiej,
_c2007.
300 _a226 s. :
_bil. ;
_c23 cm.
490 1 _aRozprawy Naukowe / Politechnika Białostocka,
_x0867-096X ;
_vnr 145
504 _aBibliogr. przy rozdz.
650 9 _aNapęd pneumatyczny
_xmodele matematyczne
700 1 _aSiemieniako, Franciszek.
_eRed.
700 1 _aKamiński, Zbigniew.
830 0 _aRozprawy Naukowe - Politechnika Białostocka
_vnr 145
015 _aPB 26888/2007
040 _cBPK
041 0 _apol
044 _aPOL
080 _a62-85:519.86
942 _cKS
008 071205s2007 pl a |000 0 pol
999 _c55362
_d55362
856 _uhttp://koha.tu.koszalin.pl/cgi-bin/koha/opac-detail.pl?biblionumber=55362
_yKatalog online BPK